Sunshine and shadow: (Record no. 121405)
[ view plain ]
| 000 -LEADER | |
|---|---|
| fixed length control field | 00508nam a22001457a 4500 |
| 008 - FIXED-LENGTH DATA ELEMENTS--GENERAL INFORMATION | |
| fixed length control field | 141205b xxu||||| |||| 00| 0 eng d |
| 050 ## - LIBRARY OF CONGRESS CALL NUMBER | |
| Classification number | SPC PR 9390.6.S754.S8 |
| 100 ## - MAIN ENTRY--PERSONAL NAME | |
| Personal name | Spicer, N.H.D. |
| 9 (RLIN) | 13101 |
| 245 ## - TITLE STATEMENT | |
| Title | Sunshine and shadow: |
| Remainder of title | a book of poems of Rhodesia |
| Statement of responsibility, etc | / N.H.D. Spicer; cover and etchings by D.J Avery |
| 260 ## - PUBLICATION, DISTRIBUTION, ETC. (IMPRINT) | |
| Place of publication, distribution, etc | Salisbury |
| Name of publisher, distributor, etc | Rhodesian P. & P Company |
| Date of publication, distribution, etc | 1932 |
| 300 ## - PHYSICAL DESCRIPTION | |
| Extent | 36p. |
| Dimensions | 20cm. |
| 650 ## - SUBJECT ADDED ENTRY--TOPICAL TERM | |
| Topical term or geographic name as entry element | Poetry |
| General subdivision | Rhodesia |
| 9 (RLIN) | 13102 |
| 700 ## - ADDED ENTRY--PERSONAL NAME | |
| Personal name | Avery, D.J (cover and etchings) |
| 9 (RLIN) | 13103 |
| 942 ## - ADDED ENTRY ELEMENTS (KOHA) | |
| Source of classification or shelving scheme | Library of Congress Classification |
| Item type | SPC |
| Withdrawn status | Lost status | Source of classification or shelving scheme | Damaged status | Not for loan | Home library | Current library | Date acquired | Total Checkouts | Full call number | Barcode | Date last seen | Price effective from | Koha item type | Collection code | Shelving location |
|---|---|---|---|---|---|---|---|---|---|---|---|---|---|---|---|
| Library of Congress Classification | ARRUPE LIBRARY | ARRUPE LIBRARY | 05/12/2014 | SPC PR 9390.6.S754.S8 | 46500003598 | 05/12/2014 | 05/12/2014 | SPC | |||||||
| Library of Congress Classification | ARRUPE LIBRARY | ARRUPE LIBRARY | 27/01/2016 | SPC PR 9390.6.S754.S8 | 46500006042 | 27/01/2016 | 27/01/2016 | SPC | SPECIAL Collection | Main Collection |